Celier, paulla parole et l'etre : essai sur le mystere de la communication /

Saved in:
Bibliographic Details
Format: Book
Language:French
Published: Paris : Aubier Montaigne, 1974.
Series:Collection Présence et pensée ;
Subjects:
LEADER 00826nam a22002051 4500
001 c000198135
003 CARM
005 20021125001800.0
008 851003s1974 fr 0 fre d
019 1 |a 3990667  |5 LACONCORD2021 
035 |a (OCoLC)217205522  |5 LACONCORD2021 
245 0 0 |a Celier, paulla parole et l'etre :  |b essai sur le mystere de la communication /  |c par P.Celier. Preface d'H. Gouhier. 
260 |a Paris :  |b Aubier Montaigne,  |c 1974. 
440 0 |a Collection Présence et pensée ; 
650 0 |a Language and languages  |x Philosophy. 
650 0 |a Communication. 
852 8 |b CARM  |h A2:AB34H0  |i A03019  |p 0283571  |f BK 
082 0 4 |a 401 
999 f f |i b0a600be-ad82-5c32-a56e-a4f705a3c98c  |s 1404531c-5016-5bc6-8d83-6cc281a929b0 
952 f f |p Can circulate  |a CAVAL  |b CAVAL  |c CAVAL  |d CARM 1 Store  |e A03019  |f A2:AB34H0  |h Other scheme  |i book  |m 0283571